| 000 | 01198cam a22003497a 4500 | ||
|---|---|---|---|
| 003 | CHAP | ||
| 005 | 20220329141901.0 | ||
| 008 | 980406d1998 mx r 00110 spa d | ||
| 010 | _a75251 | ||
| 011 | _a76223 | ||
| 035 | _a85802 | ||
| 040 | _cCHAP | ||
| 090 | _aTesis | ||
| 100 | 0 | 0 |
_aMeneses Sánchez, Enrique. _974801 |
| 245 | 1 | 0 |
_aComportamiento productivo de corderos en engorda, destetados a diferentes edades _c/por Enrique Meneses Sánchez |
| 260 |
_aChapingo, Méx. : _bEl autor, _c1998. |
||
| 300 |
_a91 h. : _bgráfs. |
||
| 502 | _aTesis (Ing. Agr. Esp. en Zootecnia) -- UACH. Departamento de Zootecnia | ||
| 590 |
_aALEPH _b10 _c20130110 _lUCH01 _h1423 |
||
| 590 |
_aBATCH-UPD _b10 _c20130110 _lUCH01 _h0750 |
||
| 590 |
_aBATCH-UPD _b10 _c20130410 _lUCH01 _h0430 |
||
| 590 |
_aBATCH-UPD _b10 _c20130914 _lUCH01 _h1158 |
||
| 590 |
_aCONVERSION _b10 _c20130109 _lUCH01 _h1341 |
||
| 650 | 1 | 4 |
_aDestete. _932201 |
| 650 | 1 | 4 |
_aGanado lanar _xEngorda. _945175 |
| 650 | 1 | 4 |
_aGanado lanar _xProducción. _945214 |
| 901 | _aBK | ||
| 905 | _aLilia Sánchez G. | ||
| 942 | _cFOLL | ||
| 949 |
_bBC _cTES _d33724000589289 _eTS2 _fc.2 _h32526 _i85802 _si |
||
| 949 |
_bBC _cTES _d858021 _eTS1 _h32525 _i85802 _sb |
||
| 999 |
_c75251 _d75251 |
||